ہندوستان ہمارا / (Record no. 170944)

MARC details
000 -LEADER
fixed length control field 00587nam a22001817a 4500
005 - DATE AND TIME OF LATEST TRANSACTION
control field 20191231112826.0
010 ## - LCCN (DPL NO)
LC control number 765047
035 ## - SYSTEM CONTROL NUMBER
System control number 765047
037 ## - SOURCE OF ACQUISITION
Source of stock number/acquisition BPPD/Pub.
082 ## - DEWEY DECIMAL CLASSIFICATION NUMBER
Classification number 841
100 ## - MAIN ENTRY--PERSONAL NAME
Personal name خاں نثار اختر
245 ## - TITLE STATEMENT
Title ہندوستان ہمارا /
Statement of responsibility, etc اڑیٹر - خاں نثار اختر
246 ## - VARYING FORM OF TITLE
Title proper/short title Hindustan Humara vol.I(Urdu) /
Remainder of title edited by Khan Nisar Akhtar
260 ## - PUBLICATION, DISTRIBUTION, ETC. (IMPRINT)
Place of publication, distribution, etc New Delhi
Name of publisher, distributor, etc Maktaba Jamia
Date of publication, distribution, etc 1973 ء
270 ## - ADDRESS
Address Maktaba Jamia, Jamia Nagar
City New Delhi
Postal code 110025
300 ## - PHYSICAL DESCRIPTION
Extent 536p.
Dimensions 21cm(Hb)
942 ## - ADDED ENTRY ELEMENTS (KOHA)
Source of classification or shelving scheme Dewey Decimal Classification
Item type Urdu Bks
Classification part 841
Call number suffix خ ا ں
Holdings
Withdrawn status Lost status Not for loan Collection code Home library Current library Date acquired Source of acquisition Full call number Barcode Copy number Koha item type
      Non-fiction Central Library Central Library 31/12/2019 BPPD/Ven. 841 خ ا ں 765047 1 Urdu Bks

© Delhi Public Library
Hit Counter
free hit counter